Mannschaftskapitäne Bundesliga Saison 2023/24 - Statistiken

Allgemein
  • Dieses Quiz wurde 152 mal gespielt
    88 seit der letzten Aktualisierung
  • Das Durchschnittsergebnis liegt bei 10 aus 18
Antwortstatistiken
Verein Kapitän % Korrekt
FC Bayern München Manuel Neuer
97%
Borussia Dortmund Emre Can
88%
Bayer 04 Leverkusen Lukas Hradecky
79%
RB Leipzig Willi Orbán
78%
VfL Wolfsburg Maximilian Arnold
72%
1. FC Union Berlin Christopher Trimmel
71%
SC Freiburg Christian Günter
68%
TSG Hoffenheim Oliver Baumann
61%
Eintracht Frankfurt Sebastian Rode
61%
VfB Stuttgart Waldemar Anton
55%
SV Werder Bremen Marco Friedl
53%
Borussia Mönchengladbach Jonas Omlin
47%
VfL Bochum Anthony Losilla
41%
1. FC Köln Florian Kainz
41%
FC Augsburg Ermedin Demirovic
34%
SV Darmstadt 98 Fabian Holland
32%
1. FC Heidenheim Patrick Mainka
32%
1. FSV Mainz 05 Silvan Widmer
25%
Keine übereinstimmenden Quizze gefunden
Verteilung der Resultate
Anzahl Personen mit jedem Resultat
Perzentil nach korrekt beantworteten Fragen
Ihre Resultats-Entwicklung
Sie haben dieses Quiz seit der letzten Aktualisierung nicht gespielt